000 00837nam a2200241 a 4500
001 000009161
005 20240412074210.0
008 090928s1992 dr r 000 p spa d
040 _aDO-SdBNP
_bspa
_cBNPHU
082 _aRD861.3
_bU75p, 1992
100 1 _aUreña de Henríquez, Salomé ,
_d1850-1897
_9920
245 1 0 _aPoesías completas /
_cSalomé Ureña de Henríquez; Joaquín Balaguer.
250 _a8a ed.
260 _aSanto Domingo :
_bONAP,
_c1992.
300 _a350. ;
_c21 cm.
504 _aIncluye referencias bibliográficas y notas al pie de las páginas
504 _aBibliografía : p. 339-350
590 _aInventariado, 2018/BT
650 0 _aPoesía dominicana
_966
650 0 _aLiteratura dominicana.
_967
700 1 _aViñas Román, Jaime A.,
_epról.
_923796
910 _aValidado. Control de calidad. MMOLINA
999 _c8925
_d8925